Architekci polscy - Statystyki

Ogólne statystyki
  • Ten quiz został rozwiązany 31 razy
    7 od ostatniego zresetowania
  • Średni wynik to 23 z 62
Statystyki odpowiedzi
Hint Odpowiedź % Poprawnych
Kaplica Zygmuntowska na Wawelu 1519 Bartolommeo Berrecci
80%
Projekt przebudowy Zamku Królewskiego 1818 Jakub Kubicki
60%
Rogatki Grochowskie 1816 Jakub Kubicki
60%
Belweder 1818 Jakub Kubicki
60%
*Zamek Ujazdowski 1624 (barok) Mateo Castello
60%
Zamek królewski w Warszawie początek 17w Mateo Castello
60%
*Zamek Baranów Sandomierski, 1591-1606 Santi Gucci
60%
Nagrobek Stefana Batorego w katedrze Wawelskiej 1594 Santi Gucci
60%
Mauzoleum Firlejów w Bejscach 1593-1600 Santi Gucci
60%
Kaplica nagrobna Myszkowskich w Krakowie 1602-1614 Santi Gucci
60%
*Pałac Mirów, Książ wielki 1585 (Renesans) Santi Gucci
60%
Bernardynów na Czerniakowie w Warszawie1680 Tylman van Gameren
60%
pałac wojedowy Jana Dobrogosta Krasińskiego, 1689-75 Tylman van Gameren
60%
Kościół Sakramentek 1688 plan centralny Tylman van Gameren
60%
Białystok, pałac hetmana Jana Klemensa Branickiego 17w Tylman van Gameren
60%
Wilanów 17w Augustyn Locci
40%
Radzyń Podlaski Pałac (barokowy, rococo) 17w Augustyn Locci, Jakub Fontanna
40%
Bazylika św Krzyża barok 1679 Bełlotti, Jakub Fontanna
40%
*Kościół Piotr i Pawła w Krakowie 1616 Bernardoni, Trevano
40%
Świątynia Sybilli Puławy 1802 Chrystian Piotr Aigner
40%
Kościół Bogurodzicy, Puławy 1803 Chrystian Piotr Aigner
40%
Kościół św. Aleksandra w Warszawie (1818-25 Chrystian Piotr Aigner
40%
Domek Gotycki, Puławy, Czartoryscy 1800 Chrystian Piotr Aigner
40%
Pałac w Łańcucie, ok 1800/ przebudowa Wilanowa (1792-1826) Chrystian Piotr Aigner
40%
Teatr Wielki (1826-33 (klasycyzm) Corazzi
40%
Pałac Staszica (siedziba Warszawskiego Towarzystwa Przyjaciół Nauk), 1821 Corazzi
40%
Plac Bankowy. W 1824 r Corazzi
40%
Pałac w Kórniku 1826 Corazzi i Marconi
40%
Nagrobek Jana olbrachta na Wawelu 1502-1505 Francieszek Florentczyk
40%
Kościół reformatów w Warszawie przy Senatorskiej 1808 Izydor Affaitati, Piotr Aigner
40%
*Kolegiata w Pułtusku 1560 sklepienie kolebkowe (gotyk) Jan Baptysta
40%
kościół jezuitów w Krakowie, 1605-19 Jan Trevano
40%
Pałac Biskupów Krakowskich w Kielcach 1637–1641 Jan Trevano
40%
Pałac w Dospudzie 1820 Marconi
40%
Kościół w Wilanowie, pw, św. Annyneorenesns, 1857-70 przebudowa(neorenesans ) Marconi
40%
Wodozbiór w ogrodzie Saskim, 1852-54(klasycyzm) Marconi
40%
Dworzec Wiedeński, Hotel Europa 1855 (neorenesans) Marconi
40%
Pałac Paca w Dowspuda 1850 (neogotyckie) Marconi
40%
Kościół Mariacki Gdańsk 1447 r. Michał Steffens
40%
Strzelno, bazylika norbertanek, przełom XII/XIII Piotr Przeborowic
40%
III most i wiadukt Poniatowskiegow Warszawie 1900 Stefan Szyller
40%
Krzyztopr pod Ujazd 1620 (barok) Wawrzyniec Senes
40%
Brama Złota 1612-14 Abraham von den Bocke
20%
Kaplica Boimów we Lwowie 1611 Andrzej Bemer
20%
Zamość 1579r. (Renesans) Barnard Morando
20%
Królikarnia, pałac na wyspie 1777 (klasycyzm) Dominik Merlini
20%
kościół karmelitów, Warszawa 1762-83 Efraim Schroeger
20%
Kościół parafialny św. Jakuba w Skierniewicach 1780-81 Efraim Schroeger
20%
Pałac Poznańskiego w Łodzi (neobarok) Hilary Maniewski
20%
Katedra warszawska 1836 Idźakowski
20%
Kościół Karmelitow Warszawa 1661 (klasycyzm) Isidor Affaita
20%
Kościoła Bernardynów w Kazimierzu Dolnym 1603-1607r. (Sklepienie lubelskie) Oraz kamienice Jakub Balin
20%
Ratusz Poznań, 1550-60 Jan Baptysta Quadro
20%
*Kościół w Nieświeżu, jezuicki, koniec 16w (Barok) krzyż łaciński Białoruś Jan Maria Bernardoni
20%
Kościół ewangelicki 1777 okrągły przy Zachęcie (neoklasycznym) Szymon B. Zug
20%
Brama Wyżynna, 1586-1588 Wilhelm van den Blocke
20%
Kościół bielański Kraków 1610 Andrea Spezza, Walenty von Sabisch
0%
Wielki Arsenał (zbrojownia), 1602-1605 (manieryzm) Antoni von Opbergen
0%
Kamienica Steffensa tzw. Złota, 1609-17 (manieryzm) Antoni von Opbergen
0%
Teatr na Wyspie w Łazienkach (1790 Jan Krystian Kamstzer
0%
Zamek w Lublinie, neogotycka przebudowa na więzienie, 1823-6 Jan Stompf
0%
Zamek w Kamieńcu Ząbkowickim Schinkle
0%
Nie znaleziono quizów pasujących do podanych kryteriów
Rozkład punktacji
Procent ludzi z każdym wynikiem
Percentyl według liczby udzielonych odpowiedzi
Twoja historia wyników
Nie rozwiązałeś tego quizu od ostatniego zresetowania